| 000 | 01022cam a2200277 i 4500 | ||
|---|---|---|---|
| 001 | vtls002992860 | ||
| 003 | MY-SjTCS | ||
| 005 | 20200306154657.0 | ||
| 008 | 110218s2003 nyua 000 0 eng | ||
| 020 | _a0870700952 | ||
| 039 | 9 |
_a201809071437 _bVLOAD _c201602051700 _dpushpa _c201102181520 _dVLOAD _c200811241801 _dVLOAD _y200407272004 _zVLOAD |
|
| 040 | _erda | ||
| 082 | 0 | 4 |
_a720.483 _bNOR |
| 100 | 1 |
_aNordenson, Guy. _9215317 |
|
| 245 | 1 | 0 |
_aTall buildings / _cpreface by Terence Riley ; essay by Guy Nordenson |
| 264 | 1 |
_aNew York : _bMuseum of Modern Art ; _aLondon : _bThames & Hudson, _c2003. |
|
| 300 |
_a191 pages : _billustrations (chiefly colour) ; _c31 cm |
||
| 336 |
_atext _2rdacontent |
||
| 337 |
_aunmediated _2rdamedia |
||
| 338 |
_avolume _2rdacarrier |
||
| 500 | _aAccompanies an exhibition at MoMA QNS, 13 November 2003 - 2 February 2004. | ||
| 650 | 0 |
_aTall buildings _vPictorial works. _9215318 |
|
| 650 | 0 |
_aTall buildings. _914340 |
|
| 700 | 1 |
_aRiley, Terence. _9215319 |
|
| 920 | _aSABD : 523710 | ||
| 999 | _c31485 | ||